THERMAL ENGINEERING (Record no. 2818)

MARC details
000 -LEADER
fixed length control field 00401nam a22001697a 4500
005 - DATE AND TIME OF LATEST TRANSACTION
control field 20211214143319.0
008 - FIXED-LENGTH DATA ELEMENTS--GENERAL INFORMATION
fixed length control field 160615b xxu||||| |||| 00| 0 eng d
020 ## - INTERNATIONAL STANDARD BOOK NUMBER
ISBN 978-81-318-0814-7
041 ## - LANGUAGE CODE
Language code of text/sound track or separate title eng
082 ## - DEWEY DECIMAL CLASSIFICATION NUMBER
Item number 7838
100 ## - MAIN ENTRY--AUTHOR NAME
Personal name Rajrut, R.K.
245 ## - TITLE STATEMENT
Title THERMAL ENGINEERING
260 ## - PUBLICATION, DISTRIBUTION, ETC. (IMPRINT)
Name of publisher Laxmi Publication
Year of publication 2013
300 ## - PHYSICAL DESCRIPTION
Number of Pages 950
650 ## - SUBJECT ADDED ENTRY--TOPICAL TERM
Topical Term DIPLOMA ENGINEERING
942 ## - ADDED ENTRY ELEMENTS (KOHA)
Koha item type Books
Holdings
Lost status Damaged status Collection code Home library Current library Shelving location Date acquired Cost, normal purchase price Full call number Accession Number Koha item type
    Reference JRU Library   SHELF-72-C 15/06/2016 795.00 7838 7838 Books
    MINING JRU Library JRU Library SHELF-58-C 15/06/2016 795.00 7838 7839 Books
Lost     JRU Library JRU Library   15/06/2016 795.00 7838 7840 Books
    MINING JRU Library JRU Library SHELF-58-C 15/06/2016 795.00 7838 7841 Books
      JRU Library   SHELF-42-I 15/06/2016 795.00 7838 7842 Books